Harry Potter Vol 2 (Record no. 369180)
[ view plain ]
| 000 -LEADER | |
|---|---|
| fixed length control field | 01588 a2200157 4500 |
| 003 - CONTROL NUMBER IDENTIFIER | |
| control field | OSt |
| 005 - DATE AND TIME OF LATEST TRANSACTION | |
| control field | 20251128162924.0 |
| 008 - FIXED-LENGTH DATA ELEMENTS--GENERAL INFORMATION | |
| fixed length control field | 251128b |||||||| |||| 00| 0 eng d |
| 020 ## - INTERNATIONAL STANDARD BOOK NUMBER | |
| International Standard Book Number | 9781408855669 |
| 100 ## - MAIN ENTRY--PERSONAL NAME | |
| Personal name | Rowling J. |
| 9 (RLIN) | 215548 |
| 245 ## - TITLE STATEMENT | |
| Title | Harry Potter Vol 2 |
| 260 ## - PUBLICATION, DISTRIBUTION, ETC. (IMPRINT) | |
| Name of publisher, distributor, etc. | Bloomsbury Pulication |
| Date of publication, distribution, etc. | 2014 |
| Place of publication, distribution, etc. | london |
| 300 ## - PHYSICAL DESCRIPTION | |
| Extent | 359pp. |
| 520 ## - SUMMARY, ETC. | |
| Summary, etc. | Harry Potter and the Philosopher’s Stone is the first novel of the much appreciated Harry Potter series. An abridged version of the same novel, this book has been brought out by Bloomsbury Press for children aged between eight and twelve years. The story unfolds with a letter arriving for Harry Potter, a simple boy, that brings with it a dark secret. The letter reveals to Harry Potter that both his parents were wizards and were killed by a Dark Lord’s curse when he was just a baby. Thereafter Potter's journey to the Hogwarts, a school of wizards brimming with magic, mystery and enchantment, spins out into a fascinating tale. After his journey to Hogwarts, young Harry learns of a missing stone — a stone which can be both terrifying and valuable at the same time, depending on who possesses it and how one uses it. Will Harry Potter and his friends be able to get hold of the stone is how the story unfolds from here on? It is here Harry Potter’s long journey spread over 7 books really begins. In simple words and rich prose, this children’s edition rightly captures the essence of the Harry Potter’s first novel and promises to take the children on an enchanting ride to the magical world order. |
| 942 ## - ADDED ENTRY ELEMENTS (KOHA) | |
| Koha item type | Books |
| Source of classification or shelving scheme | Dewey Decimal Classification |
| Withdrawn status | Lost status | Source of classification or shelving scheme | Damaged status | Not for loan | Collection code | Home library | Current library | Date acquired | Vendor | Cost, normal purchase price | Total Checkouts | Barcode | Date last seen | Date last checked out | Cost, replacement price | Bill Date | Koha item type | Original Barcode |
|---|---|---|---|---|---|---|---|---|---|---|---|---|---|---|---|---|---|---|
| Dewey Decimal Classification | BCA | MKSSS s K.B. Joshi Institute of Information Technology Library | MKSSS s K.B. Joshi Institute of Information Technology Library | 27/11/2025 | 8 | 299.25 | 2 | KBJP-BK-2851 | 18/03/2026 | 27/01/2026 | 399.00 | 27/11/2025 | Books | 2851 |